[Event "Genova Ducale op"]
[Site "Genova"]
[Date "2003.09.21"]
[Round "1"]
[White "Cirabisi, Federico"]
[Black "Cataldo, Ettore Massimo"]
[Result "1-0"]
[WhiteElo "2109"]
[BlackElo "1722"]
[PlyCount "57"]
[EventDate "2003.09.??"]
[EventType "swiss"]
[EventRounds "9"]
[EventCountry "ITA"]
[SourceTitle "EXT 2005"]
[Source "ChessBase"]
[SourceDate "2004.11.15"]
[SourceVersion "1"]
[SourceVersionDate "2004.11.15"]
[SourceQuality "1"]

1. d4 d5 2. e3 Nf6 3. Bd3 e6 4. Nd2 c5 5. c3 Nbd7 6. f4 a6 7. Ngf3 b5 8. Ne5 Bb7 9. Qf3 Be7 10. 0-0 0-0 11. g4 g6 12. h4 Nxe5 13. fxe5 Ne4 14. g5 Nxd2 15. Bxd2 Qb6 16. Rf2 b4 17. Rh2 a5 18. h5 Bxg5 19. Qh3 h6 20. Kh1 c4 21. Rg1 Qd8 22. Bb1 Qe7 23. hxg6 f6 24. Rxg5 fxg5 25. Qxh6 Qg7 26. Qxg5 Rf1+ 27. Kg2 Rxb1 28. Rh7 Qf8 29. Rh8+ 1-0

[Event "SEMI A035 email"]
[Site "SEMI email"]
[Date "2002.07.15"]
[Round "?"]
[White "Cataldo, Ettore Massimo"]
[Black "Hanison, Bernard"]
[Result "0-1"]
[WhiteElo "1812"]
[BlackElo "1855"]
[PlyCount "70"]
[EventDate "2002.07.15"]
[EventType "swiss (corr)"]
[EventRounds "6"]
[EventCountry "ITA"]
[SourceTitle "Corr 2008"]
[Source "ChessBase"]
[SourceDate "2008.06.24"]
[SourceVersion "1"]
[SourceVersionDate "2008.06.24"]
[SourceQuality "1"]

1. d4 d5 2. Nf3 Nf6 3. c4 dxc4 4. Nc3 c6 5. e4 b5 6. e5 Nd5 7. a4 e6 8. axb5 Nxc3 9. bxc3 cxb5 10. Ng5 Bb7 11. Qh5 g6 12. Qg4 Be7 13. h4 h6 14. Ne4 Qd5 15. Nd2 Nd7 16. Rh3 a5 17. h5 g5 18. Re3 Nb6 19. Ne4 Qc6 20. f4 Nd5 21. Re2 gxf4 22. Qg7 0-0-0 23. Bd2 b4 24. Qxf7 bxc3 25. Nxc3 Bh4+ 26. Kd1 Nxc3+ 27. Bxc3 Rdf8 28. Qg7 Rhg8 29. Qxh6 Qd7 30. Rxa5 Bg5 31. Rc5+ Kd8 32. Qxf8+ Rxf8 33. Rc2 Qh7 34. Ba5+ Ke8 35. Be2 f3 0-1

[Event "SEMI A035 email"]
[Site "SEMI email"]
[Date "2002.07.15"]
[Round "?"]
[White "Cataldo, Ettore Massimo"]
[Black "Migliorini, Roberto"]
[Result "1/2-1/2"]
[WhiteElo "1812"]
[BlackElo "2038"]
[PlyCount "46"]
[EventDate "2002.07.15"]
[EventType "swiss (corr)"]
[EventRounds "6"]
[EventCountry "ITA"]
[SourceTitle "Telechess CBM 097"]
[Source "ChessBase"]
[SourceDate "2003.11.11"]
[SourceVersion "1"]
[SourceVersionDate "2003.11.11"]
[SourceQuality "1"]

1. d4 Nf6 2. Nf3 Nc6 3. d5 Nb4 4. c4 e6 5. a3 Na6 6. Nc3 Qe7 7. e3 c6 8. dxe6 dxe6 9. Be2 e5 10. b4 e4 11. Nd2 Nc7 12. Qc2 Bf5 13. Bb2 Rd8 14. h3 Bg6 15. c5 Qe6 16. Nb3 Be7 17. Nd4 Qc8 18. g4 Ne6 19. Nxe6 Qxe6 20. g5 Nh5 21. Bg4 Qc4 22. Be2 Qe6 23. Bg4 Qc4 1/2-1/2

[Event "SEMI A035 email"]
[Site "SEMI email"]
[Date "2002.07.15"]
[Round "?"]
[White "Dould, John"]
[Black "Cataldo, Ettore Massimo"]
[Result "1/2-1/2"]
[WhiteElo "1957"]
[BlackElo "1812"]
[PlyCount "90"]
[EventDate "2002.07.15"]
[EventType "swiss (corr)"]
[EventRounds "6"]
[EventCountry "ITA"]
[SourceTitle "Corr 2008"]
[Source "ChessBase"]
[SourceDate "2008.06.24"]
[SourceVersion "1"]
[SourceVersionDate "2008.06.24"]
[SourceQuality "1"]

1. d4 d5 2. c4 e6 3. Nf3 Nf6 4. Bg5 Be7 5. Nc3 h6 6. Bxf6 Bxf6 7. e4 dxe4 8. Nxe4 Nc6 9. d5 Ne5 10. Nxf6+ Qxf6 11. Nxe5 Qxe5+ 12. Qe2 Qf6 13. Rd1 0-0 14. d6 cxd6 15. Rxd6 b6 16. Rd2 Bb7 17. Qg4 Rad8 18. Bd3 e5 19. f3 Rd4 20. Qf5 Qxf5 21. Bxf5 Rxc4 22. Ke2 g6 23. Bc2 Bc6 24. Rhd1 a5 25. b3 Rc5 26. Be4 Bxe4 27. fxe4 Rfc8 28. Rd8+ Kg7 29. R8d6 R8c6 30. R1d2 Rxd6 31. Rxd6 Rc2+ 32. Kf3 Rxa2 33. Rxb6 a4 34. bxa4 Ra3+ 35. Ke2 Rxa4 36. Ke3 Ra3+ 37. Ke2 f5 38. h4 Ra4 39. exf5 gxf5 40. Re6 e4 41. Ke3 Ra2 42. g4 Ra3+ 43. Kf2 Rf3+ 44. Kg2 fxg4 45. h5 Rh3 1/2-1/2

[Event "SEMI A035 email"]
[Site "SEMI email"]
[Date "2002.07.15"]
[Round "?"]
[White "Pechova, Hana"]
[Black "Cataldo, Ettore Massimo"]
[Result "1/2-1/2"]
[WhiteElo "2095"]
[BlackElo "1812"]
[PlyCount "32"]
[EventDate "2002.07.15"]
[EventType "swiss (corr)"]
[EventRounds "6"]
[EventCountry "ITA"]
[SourceTitle "Corr 2008"]
[Source "ChessBase"]
[SourceDate "2008.06.24"]
[SourceVersion "1"]
[SourceVersionDate "2008.06.24"]
[SourceQuality "1"]

1. e4 c5 2. f4 e6 3. Nf3 d5 4. Nc3 Nc6 5. Bb5 Nge7 6. Qe2 a6 7. Bxc6+ bxc6 8. 0-0 c4 9. d4 cxd3 10. cxd3 g6 11. Be3 Bg7 12. Bc5 0-0 13. e5 Re8 14. Rac1 h5 15. Qf2 Nf5 16. Na4 Bb7 1/2-1/2

[Event "SEMI A026 email"]
[Site "SEMI email"]
[Date "2001.11.19"]
[Round "?"]
[White "Squillante, Michele"]
[Black "Cataldo, Ettore Massimo"]
[Result "1/2-1/2"]
[WhiteElo "1800"]
[BlackElo "1812"]
[PlyCount "60"]
[EventDate "2001.11.19"]
[EventType "tourn (corr)"]
[EventRounds "6"]
[EventCountry "ITA"]
[SourceTitle "Telechess CBM 097"]
[Source "ChessBase"]
[SourceDate "2003.11.11"]
[SourceVersion "1"]
[SourceVersionDate "2003.11.11"]
[SourceQuality "1"]

1. d4 d5 2. Nf3 e6 3. Bg5 Be7 4. Bxe7 Qxe7 5. Nbd2 Nf6 6. e3 0-0 7. Bd3 c5 8. 0-0 b6 9. Ne5 Ba6 10. Bxa6 Nxa6 11. Qe2 Qb7 12. Ndf3 Rac8 13. Rad1 b5 14. c3 h6 15. Nd3 b4 16. Rc1 Ne4 17. Nfe5 c4 18. Nf4 Rb8 19. f3 Nf6 20. Qc2 bxc3 21. bxc3 Qb2 22. e4 Nc7 23. Nc6 Qxc2 24. Rxc2 Rb6 25. Ne5 Rfb8 26. Kf2 Rb2 27. Rfc1 a6 28. exd5 exd5 29. g3 Kf8 30. Ng2 R8b6 1/2-1/2

[Event "SEMI A023 email"]
[Site "SEMI email"]
[Date "2001.08.10"]
[Round "?"]
[White "Cataldo, Ettore Massimo"]
[Black "Johnsrud, Jeff L"]
[Result "1/2-1/2"]
[WhiteElo "1812"]
[BlackElo "2300"]
[PlyCount "53"]
[EventDate "2001.08.10"]
[EventType "tourn (corr)"]
[EventRounds "6"]
[EventCountry "ITA"]
[SourceTitle "Telechess CBM 091"]
[Source "ChessBase"]
[SourceDate "2002.11.12"]
[SourceVersion "1"]
[SourceVersionDate "2002.11.12"]
[SourceQuality "1"]

1. d4 Nf6 2. Nf3 c5 3. c4 cxd4 4. Nxd4 e5 5. Nb5 d5 6. cxd5 Bc5 7. N5c3 0-0 8. e3 e4 9. Nd2 Qe7 10. a3 Rd8 11. b4 Bd6 12. Bb2 Be5 13. Qc2 Nbd7 14. Nc4 Bxc3+ 15. Qxc3 b6 16. Rd1 Bb7 17. d6 Qe6 18. b5 Rac8 19. Qb4 Bd5 20. Rd4 Nc5 21. Be2 Nd3+ 22. Bxd3 exd3 23. Nd2 Rc2 24. Rxd3 Be4 25. Nxe4 Qxe4 26. Rd2 Rxd2 27. Qxd2 1/2-1/2

[Event "SEMI B019 email"]
[Site "SEMI email"]
[Date "2001.04.15"]
[Round "?"]
[White "Cataldo, Ettore Massimo"]
[Black "Dussetier, Franck"]
[Result "1-0"]
[WhiteElo "1700"]
[BlackElo "1450"]
[PlyCount "49"]
[EventDate "2001.04.15"]
[EventType "tourn (corr)"]
[EventRounds "6"]
[EventCountry "ITA"]
[SourceTitle "Corr 2004"]
[Source "ChessBase"]
[SourceDate "2003.04.28"]
[SourceVersion "3"]
[SourceVersionDate "2003.04.28"]
[SourceQuality "1"]

1. d4 d5 2. Nf3 Nf6 3. c4 e6 4. Nc3 Bb4 5. e3 Nbd7 6. Bd3 dxc4 7. Bxc4 0-0 8. 0-0 b6 9. Qe2 Bb7 10. a3 Bd6 11. Rd1 Ne4 12. Nxe4 Bxe4 13. b4 Nf6 14. Bb2 Re8 15. Rac1 Nd5 16. Bb5 Rf8 17. Bc6 Rc8 18. Nd2 Qg5 19. Nxe4 Qh6 20. Nxd6 cxd6 21. Bxd5 exd5 22. Qa6 Ra8 23. Rc7 Qe6 24. Rdc1 f5 25. Qb7 1-0